00330 2200145 4500001002100000005001500021035002000036245004400056300000800100260003200108082000800140084001200148990001200160990001200172INLIS00000000000219320250527012015 a0010-0525000485 aMenggapai Cita-Cita /cTuwuh Trisnayadi a175 bPustaka Insan Madani,c2007 a300 a300 MEN a0713149 a0713150